000 00756nam a2200217Ia 4500
003 OSt
005 20220718160022.0
008 210716s2017 xx 000 0 und d
020 _a9781788394925
040 _cAIMIT LIBRARY
041 _aeng
082 _a005.448
_21
_bSWAN
100 _aSwaraj, Nikit.
_950879
245 _aAWS automation cookbook :
_bcontinuous integration and continuous deployment using AWS services /
_cBy Nikit Swaraj.
250 _a1st ed.
260 _aMumbai :
_bPackt Publishing Ltd. ,
_c2017 .
300 _avii, 369p. ;
_bPB
_c23.5 cm.
650 _aDeployingapplication using codedeploy and codepipeline
_950880
650 _aAutomating AWS resource control using AWS lambda
_950881
942 _2ddc
_cBK
_e1st
_k005.448 SWAN
999 _c196792
_d196792